David Foster Wallace's Works Quiz Stats

 Plays Quiz not verified by Sporcle

Challenge
Share
Tweet
Score 0/9 Timer 08:00
0 Plays Today
Year Work % Correct
1996Infinite Jest
97.9%
1987The Broom of the System
90.1%
2011 (posthumous)The Pale King
89.5%
1999Brief Interviews With Hideous Men
88.5%
2005Consider the Lobster
87.4%
1989Girl With Curious Hair
83.8%
1997A Supposedly Fun Thing I'll Never do Again
83.2%
2004Oblivion
81.7%
2009 (posthumous)This Is Water
48.2%

You're not logged in!

Compare scores with friends on all Sporcle quizzes.
Join for Free
OR
Log In

You Might Also Like...

Show Comments

Extras

Top Quizzes Today


Score Distribution

Your Account Isn't Verified!

In order to create a playlist on Sporcle, you need to verify the email address you used during registration. Go to your Sporcle Settings to finish the process.

Report this User

Report this user for behavior that violates our Community Guidelines.

Details: